=LDR 00000nam 2200000 4500 =001 INLIS000000000040448 =005 20130612150020 =008 ***********************************ind** =035 ##$$0010-061300000040448 =041 ##$$a ind =082 ##$$a 635.8 =090 ##$$a 635.8, Muh b.1 =100 ##$$a MUHROJI =245 ##$$a Budi daya jamur kuping, Muhrodji, Cahayana Y. a =260 ##$$a 2010 $b Jakarta =300 ##$$a 84 hlm, Ilus, 23 cm =650 ##$$a JAMUR KUPING - BUDIDAYA =700 ##$$a CAHYANA Y. A =850 ##$$a NBPNMAT